000 00725nam a2200241Ia 4500
003 OSt
005 20220923225000.0
006 a|||||r|||| 00| 0
007 ta
008 220922b |||||||| |||| 00| 0 hin d
024 _a254,634
037 _cTextual
040 _aARTS
_cARTS
_bhin
041 _2hin
_ahin
082 _aO152,3N514x, M5
100 _aरवीन्द्र भारती
245 0 _aलोचनपुर का बाइस्कोप
246 _aLochanapur kā bāiskopa
260 _c1985
650 _aहिन्दी साहित्य
_9156264
942 _hO152,3N514x, M5
_cTEXL
_2CC
999 _c375204
_d375204